10 państw najbliżej Portugalii - Statystyki

Ogólne statystyki
  • Ten quiz został rozwiązany 76 razy
  • Średni wynik to 9 z 10
Statystyki odpowiedzi
km Odpowiedź % Poprawnych
0 Hiszpania
100%
435 Francja
99%
219 Maroko
97%
637 Andora
94%
1338 Włochy
91%
552 Algieria
88%
242 Wielka Brytania (Gibraltar)
88%
1366 Tunezja
82%
1139 Monako
78%
1071 Mauretania
66%
Nie znaleziono quizów pasujących do podanych kryteriów
Rozkład punktacji
Procent ludzi z każdym wynikiem
Percentyl według liczby udzielonych odpowiedzi
Twoja historia wyników
Nie rozwiązałeś tego quizu